Central Library OPAC University of Rajshahi

Socratic discourses / (Record no. 30737)

MARC details
000 -LEADER
fixed length control field 01570nam a2200349 4500
001 - CONTROL NUMBER
control field 30737
003 - CONTROL NUMBER IDENTIFIER
rucl marc code BD-RjUL
005 - DATE AND TIME OF LATEST TRANSACTION
control field 20211209051617.0
008 - FIXED-LENGTH DATA ELEMENTS--GENERAL INFORMATION
fixed length control field 140412s1950 enk 001 0 eng d
035 ## - SYSTEM CONTROL NUMBER
System control number (BD-RjUL)30824
System control number (OCoLC)3714499
040 ## - CATALOGING SOURCE
Original cataloging agency Enoch Pratt free library
Transcribing agency OT
Modifying agency OUrC
-- OCoLC
-- BD-RjUL
Language of cataloging eng
041 ## - LANGUAGE CODE
Language code of text/sound track or separate title eng
082 ## - DEWEY DECIMAL CLASSIFICATION NUMBER
Classification number 183
Author mark and year PLS 1950
100 0# - MAIN ENTRY--PERSONAL NAME
Personal name Plato.
9 (RLIN) 93429
245 10 - TITLE STATEMENT
Title Socratic discourses /
Statement of responsibility, etc. Plato and Xenophon.
260 ## - PUBLICATION, DISTRIBUTION, ETC. (IMPRINT)
Place of publication, distribution, etc. London:
Name of publisher, distributor, etc. J.M. Dent & sons, ltd.;
Place of publication, distribution, etc. New York,
Name of publisher, distributor, etc. E.P. Dutton & co.
Date of publication, distribution, etc. c.1910.[1950]
300 ## - PHYSICAL DESCRIPTION
Pagination xxiii, 364 p.
Size 18 cm.
490 0# - SERIES STATEMENT
Series statement Everyman's library. Classical ;
Volume/sequential designation [no. 457]
500 ## - GENERAL NOTE
General note At foot of half-title: Plato and Xenophon. Socratic discourses, with an introduction by A. D. Lindsay, M.A.
504 ## - BIBLIOGRAPHY, ETC. NOTE
Bibliography, etc Bibliography: p. xxii.
505 0# - FORMATTED CONTENTS NOTE
Formatted contents note Xenophon's Memorabilia, tr. by Rev. J. S. Watson.--Apology, or the defence of Socrates, tr. by Sarah Fielding.--Symposium, or banquet, tr. by James Wellwood.--Plato's Lysis, tr. by J. Wright.--Protagoras, tr. by J. Wright.--Euthyphro, tr. by F. M. Stawell.--Apology, tr. by F. M. Stawell.--Crito, tr. by F. M. Stawell.
700 0# - ADDED ENTRY--PERSONAL NAME
Personal name Xenophon.
Personal name Watson, J. S.
Fuller form of name (John Selby),
Dates associated with a name 1804-1884,
Relator term tr.
Personal name Fielding, Sarah,
Dates associated with a name 1710-1768,
Relator term tr.
Personal name Welwood, James,
Dates associated with a name 1652-1727,
Relator term tr.
Personal name Wright, J.
Fuller form of name (Josiah),
Dates associated with a name 1842-1894,
Relator term tr.
Personal name Stawell, F. M.
Fuller form of name (Florence Melian),
Dates associated with a name 1869-1936.
942 ## - ADDED ENTRY ELEMENTS (KOHA)
Source of classification or shelving scheme Dewey Decimal Classification
Koha item type Books
Holdings
Lost status Source of classification or shelving scheme Damaged status Not for loan Collection code Permanent Location Current Location Shelving location Date acquired Source of acquisition Cost, normal purchase price Total Checkouts Full call number Date last seen Copy number Koha item type
  Dewey Decimal Classification   Not For Loan Non-fiction Central Library, University of Rajshahi Central Library, University of Rajshahi Reading Room 16/09/1955 B.H.BLACKWELL 5.00   183 PLS 1950 12/04/2014 C-1 Books